00292nam a2200109Ia 4500008004100000082001500041082000800056245007100064245001900135260001900154300000900173231017s9999 xx 000 0 und d a388.110993 bBRA 0aNatural Hazard Road Risk Management Part III: Performance Criteria 0cP. Brabhaharan bP. Brabhaharan c30cm